000 00835cam a2200253 a 4500
001 16340989
005 20180122073725.0
008 100720s2011 njua b 001 0 eng
010 _a 2010028201
020 _a9780136081272 (alk. paper)
020 _a0136081274 (alk. paper)
035 _a(OCoLC)ocn316017507
040 _aDLC
_cDLC
_dYDX
_dBTCTA
_dYDXCP
_dCDX
_dDLC
041 _aeng
080 _a620.0023 DEA
082 0 0 _a620.0023 DEA
_222
100 1 _a27
101 _aeng
245 1 0 _aReady for takeoff! :
_cDean C. Millar.
504 _aIncludes bibliographical references and index.
906 _a7
_bcbc
_corignew
_d1
_eecip
_f20
_gy-gencatlg
942 _2ddc
_cBK
999 _c40664
_d40664